00000000nam##2200000za#4500
0019.668117
003CaOODSP
00520220107103651
007ta
008150407|2006||||xxc|||||     f|0| 0 eng|d
020 |a0-662-49660-4
040 |aCaOODSP|beng
041 |aeng
041 |afre
043 |an-cn---
0861 |aHP40-11/2006
1102 |aCentre for Infectious Disease Prevention and Control (Canada)
24510|aHighlights from the Canadian Pandemic Influenza Plan for the health sector : |bpreparing for an influenza pandemic : the Canadian health perspective
260 |aOttawa - Ontario : |bPublic Health Agency of Canada. |c2006.
300 |aEnglish text, 18p. : |btable ; |c20 cm.
563 |aSoftcover
590 |a07-16|b2007-04-20
69007|aInfluenza|2gcpds
7760#|tPoints saillants du Plan canadien de lutte contre la pandémie d'influenza pour le secteur de la santé : |w(CaOODSP)9.633403
7760#|tHighlights from the Canadian Pandemic Influenza Plan for the health sector : |w(CaOODSP)9.688983
792 |tPoints saillants du Plan canadien de lutte contre la pandémie d'influenza pour le secteur de la santé : |efre|w(CaOODSP)9.668118